|
|
|
|
| LEADER |
00000nam0a2200000 4500 |
| 001 |
311343 |
| 005 |
20231102002357.0 |
| 035 |
|
|
|a (RuTPU)RU\TPU\book\336700
|
| 090 |
|
|
|a 311343
|
| 100 |
|
|
|a 20151207d1982 km y0rusy50 ca
|
| 101 |
0 |
|
|a rus
|
| 102 |
|
|
|a UA
|
| 105 |
|
|
|a a z 001zy
|
| 200 |
1 |
|
|a Системы электродинамического торможения подъемных кранов
|f А. И. Танатар, В. И. Дурнев
|
| 210 |
|
|
|a Киев
|c Технiка
|d 1982
|
| 215 |
|
|
|a 119 с.
|c ил.
|
| 320 |
|
|
|a Библиогр.: с. 118
|
| 606 |
1 |
|
|a Крановое электрооборудование
|x Эксплуатация
|2 stltpush
|3 (RuTPU)RU\TPU\subj\16080
|9 42266
|
| 610 |
1 |
|
|a электродинамические усилия
|
| 610 |
1 |
|
|a электродинамическое торможение
|
| 610 |
1 |
|
|a асинхронные двигатели
|
| 610 |
1 |
|
|a динамическое торможение
|
| 610 |
1 |
|
|a схемы включения
|
| 610 |
1 |
|
|a схемы возбуждения
|
| 610 |
1 |
|
|a силовые цепи
|
| 610 |
1 |
|
|a асинхронный электропривод
|
| 610 |
1 |
|
|a проверка
|
| 610 |
1 |
|
|a установка
|
| 610 |
1 |
|
|a монтаж
|
| 675 |
|
|
|a 621.873-83
|v 4
|
| 700 |
|
1 |
|a Танатар
|b А. И.
|g Анатолий Иосифович
|
| 701 |
|
1 |
|a Дурнев
|b В. И.
|g Владимир Иванович
|
| 801 |
|
1 |
|a RU
|b 63413507
|c 20151207
|
| 801 |
|
2 |
|a RU
|b 63413507
|c 20191004
|g RCR
|
| 942 |
|
|
|c BK
|